00802nam a2200253Ia 4500003000400000005001700004008004100021020001400062024000700076040000700083041000800090082001800098100002800116245006500144250000600209260003800215300001700253365001300270650002400283906006900307942001200376999001900388952014100407OSt20230505093302.0210423s2004 xx 000 0 und d a818128044 cAL cAL aeng a574.1921 DUGH aDUGAS (Hermann).998427 aBio organic chemistry: a chemical approach to enzyme action. a3 aNew DelhibSpringer Pvt Ltdc2004 axvii,700bPB b495cINR aBiochemistry998428 aaction. ; approach ; Bioorganic ; chemical ; chemistry: ; enzyme 2ddccBK c163267d163267 001040708BTaSACPGbSACPGd2005-11-14eHigginbothams Pvt Ltdg495.00l0o574.1921 DUGHpPG009762r2022-08-24 00:00:00w2021-04-26yBK